Опыт объемного геолого-геофизического моделирования

Podrobná bibliografie
Hlavní autor: Болдырев М. В. Май Вячеславович
Shrnutí:Заглавие с титульного экрана
Режим доступа: из корпоративной сети ТПУ
Jazyk:ruština
Vydáno: Saarbrucken, LAP Lambert Academic Publishing, 2013
Témata:
On-line přístup:http://www.lib.tpu.ru/fulltext2/m/2013/m398.pdf
Médium: MixedMaterials Elektronický zdroj Kniha
KOHA link:https://koha.lib.tpu.ru/cgi-bin/koha/opac-detail.pl?biblionumber=179420

MARC

LEADER 00000nlm0a2200000 4500
001 179420
005 20231031170326.0
035 |a (RuTPU)RU\TPU\book\194499 
090 |a 179420 
100 |a 20100421d2013 k y0rusy50 ca 
101 0 |a rus 
102 |a RU 
105 |a a z 000zy 
135 |a vrcn ---uucaa 
181 0 |a i  
182 0 |a b 
200 1 |a Опыт объемного геолого-геофизического моделирования  |b Электронный ресурс  |f М. В. Болдырев 
203 |a Текст  |c электронный 
210 |a Saarbrucken  |c LAP Lambert Academic Publishing  |d 2013 
230 |a 1 компьютерный файл (pdf; 15.4 MB) 
300 |a Заглавие с титульного экрана 
333 |a Режим доступа: из корпоративной сети ТПУ 
337 |a Adobe Reader 
610 1 |a объемное моделирование 
610 1 |a структурное моделирование 
610 1 |a геологическое моделирование 
610 1 |a геологические процессы 
610 1 |a электронный ресурс 
610 1 |a геолого-геофизическое моделирование 
610 1 |a электронный ресурс 
700 1 |a Болдырев  |b М. В.  |c выпускник геолого-разведочного факультета ТПИ  |c кандидат геолого-минералогических наук  |f 1931-  |g Май Вячеславович  |2 stltpush 
801 2 |a RU  |b 63413507  |c 20131223  |g RCR 
856 4 |u http://www.lib.tpu.ru/fulltext2/m/2013/m398.pdf 
942 |c CF